Public broadcasting and political intenference.
Saved in:
| Hovedforfatter: | |
|---|---|
| Format: | Ukendt |
| Udgivet: |
London, United Kingdom:
Routledge Taylor and Francis Group,
2011.
|
| Serier: | Routledge research in political communication ;
|
| Fag: | |
| Tags: |
Tilføj Tag
Ingen Tags, Vær først til at tagge denne postø!
|
MARC
| LEADER | 00000 a2200000 4500 | ||
|---|---|---|---|
| 003 | CL-VaPUC | ||
| 005 | 20221216093315.0 | ||
| 008 | 221130t2011||| |||| 00| 0 eng d | ||
| 999 | |c 439533 |d 439531 | ||
| 020 | |a 978-0-415-66552-0 (hbk) | ||
| 040 | |c Pontificia Universidad Católica de Valparaíso | ||
| 082 | 7 | |a 384.54 HAN 2011 |2 22 | |
| 100 | |a Hanretty, Chris |9 878857 |e author | ||
| 245 | |a Public broadcasting and political intenference. | ||
| 260 | |a London, United Kingdom: |b Routledge Taylor and Francis Group, |c 2011. | ||
| 300 | |a 219 páginas. | ||
| 490 | |a Routledge research in political communication ; |n 5. | ||
| 583 | |k GC |c 20221130 | ||
| 650 | |a Radiodifusión pública |x Aspectos políticos |x Estudio de casos |9 878935 | ||
| 650 | |a Radiodifusión pública |x Aspectos políticos |x Estudio de casos |z Europa |9 878936 | ||
| 942 | |2 ddc |c BK | ||
| 952 | |0 0 |1 0 |2 ddc |4 0 |6 384_540000000000000_HAN_2011 |7 0 |8 A |9 588002 |a BIBCUR |b BIBCUR |c GEN |d 2022-11-30 |e 155 |g 274650.00 |i 5655813 |o 384.54 HAN 2011 |p 5655813 |r 2025-04-22 |t 1 |v 274650.00 |w 2022-11-30 |y BK |k PER | ||